000 00448nam a2200205Ia 4500
001 109816
003 YMCAF
005 20230512162402.0
008 100717s2001 ||||||||||||||||| ||und|d
024 _a109816
035 _aWB803
040 _aYMCAF
_beng
_cIN-KoLT
041 _aeng
082 _a005.276
_bPOL
100 _aPollock, John
245 0 _aJava script beginners guide
260 _bTMH
_c2001
300 _a603
942 _2ddc
_cBK
999 _c11631
_d11631